[Event "5th Vergani Cup Dec. A 2020"]
[Site "Bassano del Grappa"]
[Date "2020.12.27"]
[Round "2.6"]
[White "Loiacono, Leonardo"]
[Black "Dardha, Daniel"]
[Result "1/2-1/2"]
[WhiteElo "2255"]
[BlackElo "2487"]
[Annotator "TA"]
[PlyCount "176"]
[EventDate "2020.12.26"]
[EventType "swiss"]
[EventCountry "ITA"]
[SourceTitle "playchess.com"]
[Source "ChessBase"]
[SourceQuality "1"]

{[%evp 9,176,-31,-12,-32,-14,-36,-44,-42,-21,-37,-14,-29,-28,-48,-39,-45,-41,-61,-27,-27,-22,-60,-37,-40,-32,-41,-28,-33,-39,-27,-6,-13,2,-2,0,-3,0,-5,0,0,-6,-6,0,-6,-6,-6,-6,-8,-7,-13,-17,-18,-6,-6,-8,-42,-19,-52,-47,-54,0,0,16,0,0,0,0,0,52,0,0,-18,-18,-18,0,0,0,-75,-73,-66,-63,-230,-181,-139,0,0,0,0,0,0,0,0,0,-14,-12,-12,-12,-137,-24,-24,-24,-30,-29,-297,-293,-293,-293,-283,-285,-298,-294,-235,-62,-170,0,0,0,0,0,0,8,8,5065,4133,1107,172,439,439,435,352,1602,352,305,24,24,24,24,24,24,24,24,24,24,24,24,24,74,0,0,0,0,0,0,0,0,0,0,0,0,0,0,0,0,0,0,0,0,0,8]} 1. Nf3 d5 2. g3 g6 3. c4 dxc4 4. Qa4+ Nc6 5. Qxc4 Bg7 6. Bg2 {A09: Réti Opening: 1 Nf3 d5 2 c4.} e5 7. O-O (7. Ng5 {looks sharper.} Nh6 8. h4 O-O 9. d3 Nd4 10. e3) 7... Nge7 8. d3 {Black is slightly better.} O-O {[#]} 9. Qa4 $146 ({Predecessor:} 9. Nc3 h6 10. Bd2 Nf5 11. Qa4 Bd7 12. Rfc1 Ncd4 13. Qd1 Bc6 14. Nxd4 exd4 15. Ne4 Bd5 16. b4 Re8 17. a4 {0-1 (43) Bruzon Batista,L (2644)-Sevian,S (2660) chess.com INT 2020}) 9... Nd4 10. Nxd4 exd4 11. Bg5 h6 12. Bxe7 Qxe7 13. Re1 h5 14. Qa3 Qd8 15. Nd2 {[%cal Bb1d2,Bd2e4,Be4c5][%mdl 32]} h4 16. Rac1 c6 17. Ne4 Re8 18. Qd6 hxg3 19. hxg3 Be6 20. Qxd8 Raxd8 21. Nc5 Bc8 22. b4 Bf8 23. a3 Re5 24. Nb3 Be7 25. Na5 Re8 26. Bf3 Kg7 27. Rc2 g5 28. Nb3 g4 29. Bg2 Rd8 30. Rb1 a6 31. Kf1 Rh5 32. Rbb2 Be6 33. Na5 Bd5 34. f3 $1 (34. Nxb7 $2 Bxg2+ 35. Ke1 (35. Kxg2 Rdh8 36. f3 Rh2+ 37. Kf1 Rh1+ 38. Kg2 R8h2#) 35... Bg5 $19) 34... Rdh8 (34... Rd6 $15) 35. Nxb7 $11 f5 36. Na5 R8h6 37. Nc4 Bd8 38. a4 $1 Rh2 (38... Bc7 $11) 39. a5 (39. b5 $14) 39... Rh8 $36 {[%mdl 2048] Black fights for an advantage.} 40. Nb6 Bxb6 41. axb6 f4 42. gxf4 g3 43. Ra2 Bxa2 $17 44. Rxa2 {[%mdl 4096] Endgame KRR-KRB} R2h5 45. Rxa6 $2 (45. f5 $1 $15) 45... Rb5 $19 46. Ra5 Rb8 (46... Kf6 $1 $17 47. Rxb5 cxb5) 47. Ra7+ $11 Kf6 48. Bh3 Rxb4 49. Kg2 R8xb6 (49... R4xb6 {seems wilder.} 50. Kxg3 Rb2 51. Rc7 Rc2 52. Bc8 Rb1) 50. Kxg3 Rb2 51. Ra4 (51. Rd7 {is more complex.} c5 52. Rh7 Rb7 53. Rh6+ Kg7 54. Re6) 51... c5 52. Bf1 Rc2 53. Ra8 (53. Ra1 $11) 53... Rb1 (53... c4 $1 $17 {[%cal Rc4c3]} 54. dxc4 Rb1 55. Ra6+ Ke7 56. Ra7+ Kf8 57. Ra8+ Kg7 58. Ra7+ Kf6 59. Ra6+ Ke7 60. Ra7+ Kf8 61. Ra8+ Kg7 62. Ra7+ Kf8) 54. Ra6+ Ke7 55. Ra7+ $1 Kd6 56. Ra6+ $2 {[%mdl 8192]} (56. Bh3 $1 $11 {and White has nothing to worry.}) 56... Kc7 $1 $19 57. Bh3 c4 $1 ({Less strong is} 57... Rxe2 58. f5 $17) 58. f5 c3 (58... Rxe2 59. f6 $17) 59. f6 {Strongly threatening Ra8.} Rb8 ({Don't go for} 59... Rxe2 $2 60. Ra8 $16) 60. Ra7+ Kd6 $2 (60... Kb6 $19 61. Ra4 Rf8 62. Rxd4 Rxf6) 61. Ra4 ({White has to play} 61. Rd7+ $1 $15 Ke5 62. f7) 61... Rc1 $2 ({Black should try} 61... Ke5 $19 62. Ra6 Kd5) 62. Kf4 $11 Kd5 63. Ra5+ Kd6 {And now ...Rh1 would win.} 64. Ra4 Kc5 65. Ke5 {Rc4+ is the strong threat.} Re1 $2 {[%mdl 8192]} (65... Re8+ $11 66. Be6 Re1 67. Rc4+ Kb6) 66. Rc4+ $18 Kb5 67. Kxd4 $2 (67. Bd7+ Kb6 68. Rb4+ Ka7 69. Rxb8 Kxb8 70. f7) 67... Rd8+ $2 (67... Rf8) 68. Kxc3 Rxe2 69. Rc8 $1 {[%cal Rc8d8]} Ree8 $2 {[#]} (69... Rxc8+ 70. Bxc8 Rh2) 70. Rxd8 $2 (70. Bd7+ $1 {[%mdl 512]} Rxd7 71. Rxe8) 70... Rxd8 {[#] KR-KB} 71. f7 $2 ({Only move:} 71. Be6 $1 $18) 71... Kc6 72. Be6 {Threatens to win with d4.} Kd6 73. Bc4 Ke7 74. Kd2 Rd6 75. Ke3 Rf6 76. Ke4 Rh6 77. d4 Rh1 78. Kd5 (78. Bb3 $16) 78... Kxf7 $11 {The position is equal.} 79. Kd6+ Kf6 80. Bd5 Rd1 81. Kc5 Ke7 82. Be4 Ke6 83. Bd5+ Kd7 84. Be4 Rc1+ 85. Kd5 Ra1 86. Ke5 Ra5+ 87. d5 Ke7 88. f4 Ra6 {Black defended with fortune.  Weighted Error Value: White=0.20/Black=0.17} 1/2-1/2

[Event "5th Vergani Cup Dec. A 2020"]
[Site "Bassano del Grappa"]
[Date "2020.12.27"]
[Round "2.7"]
[White "Beerdsen, Thomas"]
[Black "Materia, Marco"]
[Result "1/2-1/2"]
[WhiteElo "2479"]
[BlackElo "2281"]
[Annotator "TA"]
[PlyCount "99"]
[EventDate "2020.12.26"]
[EventType "swiss"]
[EventCountry "ITA"]
[SourceTitle "playchess.com"]
[Source "ChessBase"]
[SourceQuality "1"]

{[%evp 27,99,17,45,28,35,37,33,15,45,40,72,72,99,100,99,105,90,88,98,94,91,83,87,68,80,79,88,89,82,-44,-47,-54,-45,-45,-52,-50,-60,-54,-50,-99,-98,-88,-20,-27,-16,-22,-26,-18,0,-8,-9,-4,-6,-16,0,0,0,0,0,0,0,0,0,0,0,0,0,0,0,0,0,0,0,0]} 1. e4 e5 2. Nf3 Nc6 3. Nc3 Nf6 4. Bb5 Bb4 5. O-O O-O 6. d3 d6 7. Ne2 Ne7 8. c3 Ba5 9. Ng3 c6 10. Ba4 Ng6 11. d4 Re8 12. Bc2 h6 13. h3 Bc7 14. Re1 Be6 15. Be3 {C49: Four Knights: 4 Bb5 Bb4.} Qe7 16. Qe2 Rad8 {[#]} 17. Rad1 $146 {White is slightly better.} ({Predecessor:} 17. a4 a5 18. Rad1 Bc8 19. Bc1 Qf8 20. Qf1 Bd7 21. Be3 Rb8 22. dxe5 Nxe5 23. Nd4 {½-½ (39) Kung,T (1992)-Viswanadha,K (2372) Forth Worth 2017}) 17... c5 18. Nf5 (18. a3 {with more complications.} a6 19. d5 Bd7 20. b4 cxb4 21. axb4 Ra8 22. Nd2) 18... Bxf5 19. exf5 exd4 20. cxd4 cxd4 21. Nxd4 (21. fxg6 $6 dxe3 22. Qxe3 Qxe3 $11) (21. Rxd4 Ne5 $11) 21... Ne5 {[#]} 22. Ba4 $1 Rf8 23. Nb5 a6 24. Nc3 Ba5 25. Bd4 b5 26. Bb3 {Strongly threatening f4.} Rfe8 27. f4 Nc6 {aiming for ...Qc7.} 28. Bxf6 (28. Qd2 $16 Qxe1+ 29. Rxe1 Rxe1+ 30. Qxe1 Nxd4 31. Qd1) 28... Qa7+ $15 29. Bd4 $1 Qxd4+ 30. Rxd4 Rxe2 {[%mdl 64] Pin} 31. Re4 Rxe1+ ({Don't blunder} 31... Rxb2 $2 32. Re8+ Kh7 33. Bxf7 $18) 32. Rxe1 Nd4 $1 33. Rd1 Bxc3 ({Don't play} 33... Nxf5 34. Nd5 $15) 34. bxc3 {[#]} Nxf5 $17 {[%mdl 4096] Endgame KRB-KRN} (34... Ne2+ $1 $17 35. Kf1 Nxc3) 35. Kf2 Kf8 36. c4 bxc4 37. Bxc4 Rc8 {The position is equal.} 38. Bd3 Rc5 39. g4 Ne7 40. Bxa6 Rc2+ 41. Kg3 (41. Kf3 {feels hotter.} Rxa2 42. Rxd6 g6 43. Bb5 Rb2 44. Be2) 41... Rxa2 42. Rxd6 {[%cal Rd6d8]} Ra3+ 43. Bd3 {[%cal Rd6d8]} g6 44. Kg2 Ra2+ 45. Kf3 Rd2 46. Rd8+ Kg7 47. Rd7 {Black must now prevent Ke3.} Kf8 48. Rd8+ Kg7 49. Rd7 {Ke3 is the strong threat.} Kf8 50. Rd8+ {Weighted Error Value: White=0.11/Black=0.07} 1/2-1/2

[Event "5th Vergani Cup Dec. A 2020"]
[Site "Bassano del Grappa"]
[Date "2020.12.27"]
[Round "2.8"]
[White "Mitran, Anthony Cristian"]
[Black "Niemann, Hans Moke"]
[Result "0-1"]
[WhiteElo "2157"]
[BlackElo "2472"]
[Annotator "TA"]
[PlyCount "60"]
[EventDate "2020.12.26"]
[EventType "swiss"]
[EventCountry "ITA"]
[SourceTitle "playchess.com"]
[Source "ChessBase"]
[SourceQuality "1"]

{[%evp 9,60,-7,5,0,2,-41,-35,-27,-29,-40,-38,-42,-39,-50,-52,-50,-50,-51,-35,-101,-91,-123,-136,-137,-137,-212,-212,-197,-198,-193,-206,-195,-197,-213,-197,-256,-244,-242,-241,-286,-298,-413,-421,-544,-549,-517,-460,-593,-572,-1077,-990,-923,-697]} 1. d4 Nf6 2. Bf4 g6 3. Nc3 d5 4. Nb5 Na6 5. e3 Bg7 6. Nf3 {A45: Trompowsky Attack.} Nh5 {[#]} 7. c3 $146 ({Predecessor:} 7. Bg5 h6 8. Bh4 c6 9. Na3 Bg4 10. Be2 Nc7 11. c4 O-O 12. Qb3 Rb8 13. Rc1 {1-0 (49) Aronian,L (2773)-Banikas,H (2601) chess.com INT 2020}) 7... Nxf4 8. exf4 {Black is slightly better.} O-O 9. Bd3 c5 10. O-O Bg4 (10... c4 {is more complex.} 11. Bc2 Nb8 12. Na3 Nc6 13. Qc1 a6) 11. h3 Bxf3 12. Qxf3 e6 13. Rfd1 Qb6 {[#] ...c4 is the strong threat.} 14. Bf1 (14. a4 $15) 14... cxd4 $17 {White is on the road to losing.} 15. cxd4 Nb4 16. Qc3 Nc6 17. a4 (17. Qc5 $17) 17... a6 $19 18. a5 Qd8 19. Na3 Rc8 20. Qb3 Nxa5 21. Qa4 Qb6 {[#] Hoping for ...Nb3.} 22. b4 (22. Rab1 {is a better defense.}) 22... Nc4 ({Inferior is} 22... Bxd4 23. bxa5 Bxf2+ 24. Kh1 $11) 23. Bxc4 dxc4 24. Nc2 Rfd8 25. Rab1 Bxd4 26. Nxd4 {Black is clearly winning.} Rxd4 27. Rxd4 Qxd4 28. b5 Qd3 29. Rd1 axb5 30. Qa1 Qf5 {Weighted Error Value: White=0.51/Black=0.02} 0-1

[Event "5th Vergani Cup Dec. A 2020"]
[Site "Bassano del Grappa"]
[Date "2020.12.27"]
[Round "2.9"]
[White "Blohberger, Felix"]
[Black "Palozza, Christian"]
[Result "1-0"]
[WhiteElo "2469"]
[BlackElo "2265"]
[Annotator "TA"]
[PlyCount "143"]
[EventDate "2020.12.26"]
[EventType "swiss"]
[EventCountry "ITA"]
[SourceTitle "playchess.com"]
[Source "ChessBase"]
[SourceQuality "1"]

{[%evp 14,143,22,27,32,27,36,35,37,31,42,13,15,9,10,36,27,13,13,18,18,11,11,20,28,10,30,30,53,53,53,53,57,56,43,35,83,85,103,101,103,83,97,78,79,85,77,77,102,68,92,24,33,7,8,8,7,10,11,11,13,13,13,0,0,0,0,0,0,0,0,0,0,0,0,0,50,22,375,373,364,350,379,354,353,327,296,190,287,219,397,397,12837,12837,12837,12838,12839,12839,12841,12841,12844,12844,12845,12845,12845,12846,12847,12847,12847,12847,12849,12846,12846,12846,12846,12847,12847,12847,12848,12846,12846,12847,12848,12849,12849,12847,12848,12848,12850,12849,12850,12850]} 1. e4 c6 2. d4 d5 3. Nd2 dxe4 4. Nxe4 Nf6 5. Nxf6+ exf6 6. c3 Bd6 7. Bd3 O-O 8. Qc2 Re8+ {B15: Caro-Kann: 3 Nc3: 3...g6 and 3...dxe4 4 Nxe4 Nf6 5 Nxf6+ exf6.} 9. Ne2 h5 {The main line 9...h5 scores better than 9...h6.} 10. O-O h4 {White is slightly better.} 11. Nf4 Nd7 12. Qd1 Nf8 13. Qh5 Qc7 14. g3 ({Don't play} 14. Qxh4 g5 $17) 14... Qd7 15. Bd2 ({Inferior is} 15. Qxh4 g5 $17) 15... Bxf4 16. Bxf4 {[#]} g5 $146 ({Predecessor:} 16... Qh3 17. Qxh4 g5 18. Qxh3 Bxh3 19. Be3 Bxf1 20. Kxf1 Ng6 21. Kg2 Rad8 22. Rh1 c5 {1-0 (49) Kanarek,M (2482)-Souleidis,G (2427) Germany 2019}) 17. Bd2 {Threatens to win with Bc4.} Qh3 $1 {Strongly threatening ...Bg4.} 18. Qf3 Kg7 19. Qg2 (19. Rae1 {keeps more tension.} Bd7 20. Qg2 Ng6 21. Qxh3 Bxh3 22. Rxe8 Rxe8 23. Re1) 19... Qxg2+ 20. Kxg2 h3+ 21. Kg1 Ng6 22. f4 gxf4 23. Bxf4 Bg4 24. Kf2 b5 25. Rfe1 Re6 26. a4 Rxe1 27. Kxe1 a6 28. axb5 Re8+ 29. Kd2 axb5 30. Bd6 Re6 31. Bc5 f5 32. Re1 (32. Rf1 $16) 32... f4 $11 {Hoping for ...fxg3.} 33. Rxe6 (33. Rg1 {is more complex.} fxg3 34. Rxg3 f5 35. Re3 Kf6 36. Rxe6+ Kxe6 37. Ke3) 33... Bxe6 $14 {[%mdl 4096] Endgame KBB-KBN} 34. Bd6 fxg3 35. Bxg3 Kf6 36. Ke3 Kg5 37. Bc7 Bd5 38. Bf1 Kg4 39. Be2+ Kf5 40. Bf1 Kg4 41. Bd3 Nh4 42. Be2+ Bf3 43. Bd3 Bd5 44. Kf2 Bg2 45. Be2+ Bf3 $2 {[%mdl 8192] [#] This move loses the game for Black.} (45... Kg5 $11 {and Black stays safe.}) 46. d5 $1 $18 {[%cal Rd5d6]} cxd5 {aiming for ...Bxe2.} ({Wrong is} 46... Bxe2 $2 47. d6 $18) 47. Bxb5 Bg2 48. b4 {[%cal Bb2b4,Bb4b5,Bb5b6][%mdl 32]} Nf5 49. Be5 d4 {If only Black now had time for ...dxc3....} 50. cxd4 Ne7 (50... Kg5 {was called for.} 51. Bd7 f6) 51. Bd3 Nc6 $2 (51... Nd5 52. b5 Kg5) 52. b5 Nxe5 $2 (52... Nb4 53. Be2+ Kf5) 53. dxe5 {KB-KB. White is clearly winning.} Kf4 54. b6 Kxe5 {[#]} 55. Bf1 $1 {[%cal Rf1g2]} Be4 56. Bxh3 Kd6 57. Bg2 Bh7 58. h4 Kd7 59. Ke3 Kc8 60. Kf4 f6 61. Bc6 Bg6 62. Kg4 Kb8 63. h5 Bh7 64. h6 Bg6 65. Kf4 {Threatening mate with Be4.} Bh7 66. Ke3 Kc8 67. Kd4 Kd8 68. Be4 f5 69. Bc6 Kc8 70. Ke5 Kb8 71. Kf6 {White threatens Kg7 and mate.} f4 72. Kg7 {Weighted Error Value: White=0.11/Black=0.24} 1-0

[Event "5th Vergani Cup Dec. A 2020"]
[Site "Bassano del Grappa"]
[Date "2020.12.27"]
[Round "2.10"]
[White "Ghiotto, Marco Luigi"]
[Black "Dionisi, Thomas"]
[Result "0-1"]
[WhiteElo "2089"]
[BlackElo "2418"]
[Annotator "TA"]
[PlyCount "142"]
[EventDate "2020.12.26"]
[EventType "swiss"]
[EventCountry "ITA"]
[SourceTitle "playchess.com"]
[Source "ChessBase"]
[SourceQuality "1"]

{[%evp 14,142,37,34,20,32,42,12,25,2,34,3,21,-20,0,-2,0,0,3,-66,-28,-45,-29,-16,-2,-58,-66,-77,-60,-67,-72,-104,-90,-117,-94,-109,0,-44,-43,-83,-64,-79,-63,-66,-68,-85,-33,-34,-11,-170,-54,-246,-106,-121,-125,-131,-108,-103,-105,-95,-61,-65,-70,-131,-112,-118,-51,-55,-8,-13,-33,-40,-35,-197,-170,-496,-210,-155,0,-518,-412,-518,-497,-611,-435,-618,-611,-604,-589,-555,-220,-1853,-1469,-1229,-894,-4153,-4153,-4153,-4153,-4153,-4153,-4153,-4153,-4153,-4153,-4153,-4153,-4153,-4149,-4149,0,-4153,-4153,-4153,-4153,-4153,-4153,-29969,-29970,-29971,-29972,-29968,-4149,-4149,-4149,-4149,-4149,-4149,-4145,-4145,-4145]} 1. e4 e5 2. Nf3 Nc6 3. Bb5 Nge7 4. O-O g6 5. c3 a6 6. Ba4 Bg7 7. d4 b5 8. Bb3 {8.Bc2 is not played anymore.} exd4 {C60: Ruy Lopez: Unusual Black 3rd moves and 3...g6.} 9. cxd4 d6 10. Nc3 O-O {The position is equal.} 11. h3 Na5 12. Bg5 {Threatening Nd5.} h6 13. Bh4 Bb7 14. Bc2 g5 15. Bg3 f5 {[#]} 16. d5 $146 (16. Re1 $11) ({Predecessor:} 16. Re1 f4 17. Bh2 c5 18. a4 b4 19. Ne2 c4 20. Qd2 d5 21. Nc1 dxe4 22. Bxe4 Bxe4 23. Rxe4 {0-1 (31) Mammadov,Z (2437)-Sanikidze,T (2553) Denizli 2013}) 16... Nc4 $15 17. Rb1 Bxc3 18. bxc3 Na3 {With the idea ...Qd7.} 19. Rc1 (19. Nd4 $1 $11) 19... Nxc2 20. Qxc2 fxe4 21. Nd2 Bxd5 22. Nxe4 Qd7 23. Rcd1 Qf5 24. Rfe1 Qf7 (24... Bc4 $17 {aiming for ...d5.} 25. Qd2 Nc6) 25. Nxd6 (25. Nxg5 $5 hxg5 26. Rxe7 Qxe7 27. Rxd5 $15) 25... cxd6 26. Bxd6 Nf5 27. Bxf8 Rxf8 28. Re5 Bc4 29. Rde1 Qf6 ({Black should play} 29... a5 $17) 30. a4 Rf7 31. Qe4 $2 (31. Re8+ $11 Kg7 32. axb5) 31... Kg7 (31... Nd6 $19 32. Qe3 bxa4) 32. f3 (32. axb5 $1 $15 axb5 33. g3) 32... Nh4 (32... Qb6+ $19 {is more deadly.} 33. Kh2 Qf2 $1) 33. Qd4 {[#]} Ng6 $1 {[%cal Rg6e5]} 34. R5e4 Qxd4+ 35. Rxd4 Nf4 {And now ...Ne2+ would win.} 36. Kh2 Rc7 37. axb5 axb5 38. Ra1 (38. h4 $15) 38... Ne2 {[%mdl 64] Double Attack} 39. Rd6 Bf7 ({Better is} 39... Nxc3 $17 {Hoping for ...b4.} 40. h4 gxh4) 40. Raa6 h5 (40... Nxc3 {is interesting.} 41. Rab6 h5 42. Kg3 Kf8 43. h4 g4) 41. Rdc6 Rxc6 42. Rxc6 Bc4 {...h4 is the strong threat.} 43. Rc7+ $2 (43. h4 $1 $15) 43... Kf6 44. Rc6+ $2 (44. h4) 44... Kf7 (44... Ke5 $142 45. Rc5+ Kd6) 45. Rc5 Kf6 (45... Kg6 $17 46. Rc6+ Kf5) 46. Rc6+ $19 Ke7 47. Rc5 Nxc3 48. Rxg5 Nd5 49. Rxh5 (49. h4 $142 Kd6 50. g4) 49... b4 {[%cal Bb5b4,Bb4b3][%mdl 32]} 50. Rh4 Ba2 51. Re4+ Kf6 $2 (51... Kd7 52. Rd4 Ke6 53. Re4+ Kd6) 52. g4 $2 (52. Re8 b3 53. Rb8) 52... b3 53. Re2 Nb4 54. f4 Nd3 55. Kg3 b2 56. Rxb2 Nxb2 57. Kf3 Bd5+ 58. Ke3 Bg2 59. h4 Nc4+ 60. Kd3 Nd6 61. Ke3 Nc4+ 62. Kd3 $1 Nb6 63. Ke3 Nd5+ 64. Kf2 Nxf4 65. Kg3 Ke5 66. h5 Be4 67. Kh4 Kf6 (67... Nd5 $142 68. Kg3 Nf6 69. h6 Nd5 70. Kh4 Ne3 71. Kg3 Nd5 72. Kf2 Nb6 73. g5 Kf4 74. Ke1 Nc4 75. Ke2 Bg6 76. Ke1 Kxg5 77. Ke2 Bh7 78. Ke1 Kh5 79. Ke2 Kg5 80. Kd1 Kxh6 81. Kc1 Kg5 82. Kd1 Kh6 83. Kc1 Kg5 84. Kd1 Kg4 85. Kc1 Kf4 86. Kd1 Ke3 87. Kc1 Kd4 88. Kd1 Bf5 89. Kc1 Bg6 90. Kd1 Bf5 91. Kc1 Bg6 92. Kd1 Bf5) 68. g5+ {Black is clearly winning.} Kf5 69. g6 Kf6 70. Kg4 Ne6 71. Kh4 Bf3 {Weighted Error Value: White=0.63/Black=0.47} 0-1

[Event "5th Vergani Cup Dec. A 2020"]
[Site "Bassano del Grappa"]
[Date "2020.12.27"]
[Round "3.2"]
[White "Moroni, Luca Jr"]
[Black "Blohberger, Felix"]
[Result "1-0"]
[WhiteElo "2562"]
[BlackElo "2469"]
[Annotator "TA"]
[PlyCount "97"]
[EventDate "2020.12.26"]
[EventType "swiss"]
[EventCountry "ITA"]
[SourceTitle "playchess.com"]
[Source "ChessBase"]
[SourceQuality "1"]

{[%evp 13,97,39,48,35,33,27,25,17,25,-6,39,27,31,23,21,18,43,50,70,86,76,22,95,58,102,98,89,22,33,20,97,102,100,95,94,91,91,85,87,95,81,66,73,70,88,85,87,56,125,111,116,115,347,96,125,106,89,87,353,364,340,314,497,435,901,893,789,775,496,471,2401,654,612,600,29975,29977,29977,29978,29978,29979,29979,29980,29980,29981,29981,29982]} 1. d4 Nf6 2. c4 g6 3. Nc3 Bg7 4. e4 d6 5. Bd3 O-O 6. Nge2 Nc6 7. O-O Nd7 8. Bc2 {E70: King's Indian: Miscellaneous lines with 4 e4, including 5 Nge2 and 5 Bd3 0-0 6 Nge2.} e5 {[%cal Re5d4]} 9. d5 Nd4 10. Nxd4 {White has an edge.} exd4 11. Ne2 Ne5 12. Nxd4 Nxc4 13. Rb1 Re8 14. h3 Ne5 {[#]} 15. f4 $146 ({Predecessor:} 15. b4 Nd7 16. Re1 Nf6 17. Nf3 c6 18. dxc6 bxc6 19. Bf4 d5 20. e5 Ne4 21. Bxe4 dxe4 22. Qxd8 Rxd8 {1-0 (30) Chatalbashev,B (2556)-Neuman,P (2432) Ohrid 2009}) 15... c5 16. fxe5 {Nf3 is the strong threat.} cxd4 17. Qf3 (17. exd6 $16 Qxd6 18. Qf3) 17... Rxe5 (17... Rf8 $11 {keeps the balance.}) 18. Qxf7+ $16 Kh8 19. Bd3 Bd7 20. Bd2 (20. h4 $16) 20... Re8 $11 {Hoping for ...Rf8.} 21. Qf2 Rf8 (21... a6 $11 {remains equal.}) 22. Qg3 $16 Be5 23. Rxf8+ Qxf8 24. Qh4 Bf6 25. Bg5 {[%cal Rg5f6]} Bxg5 26. Qxg5 Qd8 27. Qg3 Qe7 28. Rc1 {aiming for Rc7.} Rc8 29. Rxc8+ Bxc8 30. Qf2 Kg7 (30... Kg8 $14) 31. Qxd4+ {[%mdl 64] Double Attack} Qf6 32. Qc4 Qxb2 $2 (32... Qd8 $16 {was worth a try.} 33. Qc3+ Kf7) 33. Qxc8 $2 (33. Qc7+ $1 $18 {is the precise move to win.} Kh6 34. Kf1 (34. Qxc8 Qd4+ 35. Kh2 Qxd3 $16)) 33... Qd4+ 34. Kh2 {Strongly threatening Qc7+.} Qxd3 35. Qxb7+ {[%mdl 4096] Endgame KQ-KQ} Kf6 $2 {[%mdl 8192]} (35... Kh6 $16) 36. Qb2+ $1 $18 ({Stronger than} 36. Qxa7 Qxe4 37. Qxh7 Qe5+ 38. Kh1 Qe1+ 39. Kh2 Qe5+ 40. Kh1 Qe1+ 41. Kh2 Qe5+ $11) 36... Kf7 37. Qf2+ Ke8 (37... Kg8 {was necessary.} 38. Qxa7 Qxe4) 38. Qxa7 Qxe4 {[#]} (38... Qc3 $142 39. Qb8+ Ke7) 39. Qb8+ $1 Kd7 40. Qb7+ Kd8 41. Qb6+ {[%mdl 64] Double Attack} Ke8 (41... Kd7 $142 42. Qc6+ Ke7 43. Qc7+ Kf8 44. Qxd6+ Kg7 45. Qc7+ Kf8 46. Qd6+ (46. Qxh7 Qe5+ 47. Kh1 Qe1+ 48. Kh2 Qe5+ {[%mdl 64] Double Attack} 49. g3 Qe2+ {[%mdl 64] Double Attack} 50. Kh1 Qd1+ 51. Kh2 Qe2+ 52. Kh1 Qd1+ 53. Kh2 Qe2+ $11) 46... Kg7 47. Qc7+ Kf8 48. Qc8+ (48. Qxh7 Qe5+ 49. g3 Qe2+ {[%mdl 64] Double Attack} 50. Kh1 Qd1+ 51. Kh2 Qe2+ 52. Kh1 Qd1+ 53. Kg2 Qxd5+ 54. Kg1 Qd1+ 55. Kf2 Qd2+ 56. Kg1 Qd1+ 57. Kf2 Qd2+ 58. Kg1 Qd1+ $11) 48... Kg7 49. Qc3+ Kg8) 42. Qxd6 Qd4 43. a4 {And now a5 would win.} Qxa4 {[#]} 44. Qc6+ $1 {White mates.} Qxc6 45. dxc6 Ke7 46. Kg3 Kd6 47. Kf4 Kxc6 48. Kg5 Kd5 49. Kh6 {Weighted Error Value: White=0.14/Black=0.50} 1-0

[Event "5th Vergani Cup Dec. A 2020"]
[Site "Bassano del Grappa"]
[Date "2020.12.27"]
[Round "3.3"]
[White "Dionisi, Thomas"]
[Black "Mendonca, Leon Luke"]
[Result "0-1"]
[WhiteElo "2418"]
[BlackElo "2516"]
[Annotator "TA"]
[PlyCount "78"]
[EventDate "2020.12.26"]
[EventType "swiss"]
[EventCountry "ITA"]
[SourceTitle "playchess.com"]
[Source "ChessBase"]
[SourceQuality "1"]

{[%evp 21,78,4,6,6,6,6,6,6,6,0,22,25,24,19,21,14,29,0,0,0,0,0,0,-22,-16,-26,-19,-18,-22,-41,-22,-25,-11,-44,0,-43,0,-37,-25,-62,-70,-133,-92,-110,-115,-106,-54,-63,-52,-200,-238,-831,-821,-884,-351,-318,-224,-1200,-1187]} 1. e4 c5 2. Nf3 d6 3. d4 cxd4 4. Nxd4 Nf6 5. Nc3 a6 6. Be2 e5 7. Nb3 Be7 8. O-O O-O 9. Be3 Be6 10. Qd2 Nbd7 {[%cal Bb8d7,Bd7b6,Bb6c4][%mdl 32]} 11. a4 {[%cal Ba2a4,Ba4a5][%mdl 32]} Nb6 12. a5 {B92: Sicilian Najdorf: 6 Be2.} Nc4 13. Bxc4 Bxc4 14. Rfd1 {The position is equal.} Rc8 15. Nc1 Be6 {is the legacy move (15...d5).} (15... d5 $5 {[%cal Rd5d4]} 16. Bb6 Qe8 $11) 16. f3 Rc4 17. b3 Rc8 18. Bb6 Qd7 19. N1a2 Qc6 20. Rac1 Rfe8 {[#]} 21. Kh1 $146 ({Predecessor:} 21. g3 h6 22. h4 Nh5 23. Ne2 Qd7 24. c4 f5 25. exf5 Bxf5 26. Nac3 Nf6 27. g4 Bxg4 28. fxg4 Qxg4+ {0-1 (51) Ninov,N (2600)-Giuliani,S (2630) ICCF email 2009}) 21... h6 22. Nd5 Bxd5 23. exd5 Qd7 24. c4 e4 25. Rf1 exf3 26. Rxf3 Ne4 27. Qd3 Bg5 28. Rd1 Bf6 (28... Nc5 $5 {[%cal Rc5d3]} 29. Qc2 Qe7 $11) 29. Kg1 Re7 30. Qc2 Rce8 {[#] Strongly threatening ...Ng5.} 31. Re3 (31. h3 $15) 31... Bg5 32. Re2 Qg4 33. h3 Qg3 (33... Qh5 $17 {And now ...Ng3 would win.} 34. Nc1 Ng3 35. Rxe7 Rxe7) 34. Qd3 $15 Qh4 $1 35. b4 {This costs White the game.} (35. Nc3 $15) 35... Bf4 $19 36. c5 $2 {[#]} (36. Nc3 Nxc3 37. Rxe7 Rxe7 38. Qxc3) 36... dxc5 37. bxc5 Nxc5 $2 38. Rxe7 Qxe7 39. d6 $2 (39. Qf3 Bd6 40. Nc3) 39... Be3+ {Weighted Error Value: White=0.62/Black=0.25} ({Not} 39... Nxd3 40. dxe7 Rxe7 41. Rxd3 $18) 0-1